000 03511cam a2200289 4500500
005 20251228045334.0
041 _afre
042 _adc
100 1 0 _aPeloquin, Julie
_eauthor
700 1 0 _aRobichaud-Ekstran, Sylvie
_eauthor
700 1 0 _aPepin, Jacinth
_eauthor
245 0 0 _aLa perception de la qualité de vie de femmes souffrant d'hypertension pulmonaire primaire au stade III ou IV et recevant un traitement a la prostacycline
260 _c2007.
500 _a73
520 _aLe but de cette étude était d’explorer comment les femmes souffrant d’hypertension pulmonaire primaire (HPP) au stade III ou IV, percevaient leur qualité de vie pendant les 12 premières semaines de traitement à la prostacycline. Ce médicament est un vasodilatateur non spécifique dont la demi-vie est de courte durée. Le présent travail de recherche est une étude de cas à la fois exploratoire et descriptive, sur la base d’une collecte de données de type qualitatif auprès de trois sujets féminins. Les guides d’entrevues, conçus à partir du modèle conceptuel de la qualité de vie élaboré par Zhan (1992), ont permis de recueillir les données et d’en faire une analyse de contenu. Les résultats démontrent que les trois sujets étaient peu satisfaits de leur qualité de vie sur le plan physique, psychologique, social et économique durant les 12 premières semaines de traitement à la prostacycline. Bien que les études médicales rapportent une diminution du taux de mortalité chez les sujets atteints d’HPP au cours des 12 premières semaines de traitement à la prostacycline, cette étude n’a pu démontrer que la qualité de vie des trois sujets s’était améliorée. Une collecte de données, échelonnée sur une plus longue période et auprès d’un plus grand nombre de sujets, serait souhaitable pour les recherches à venir.
520 _aThe goal of this study was to examine perception of quality of life in women suffering from stage III or IV primary pulmonary hypertension and being treated with prostacycline. This medication is a non-specific vasodilator with a short half-life. This was an explorative and descriptive multiple-case study (3 cases). The interview guides were elaborated according to Zhan’s conceptual model of quality of life (1992). These helped in collecting qualitative data for content analysis. The results indicated that the 3 women were not satisfied with their quality of life, in terms of physical, psychological, social, and economic well-being, during the 12 weeks following the initiation of their treatment. Even though medical studies have shown a decease in the mortality rate of individuals suffering from primary pulmonary hypertension within the first 12 weeks of prostacycline treatment, this case study cannot conclude that the quality of life of these 3 women has improved. A longer data collection period, with a larger sample size of patients, is recommended for future research.
690 _apatientes souffrant d'hypertension pulmonaire
690 _aPerception
690 _aQualité de vie
690 _arecherche qualitative
690 _aPerception
690 _aqualitative search
690 _aQuality of life
690 _awomen suffering from primary pulmonary hypertension
786 0 _nRecherche en soins infirmiers | 88 | 1 | 2007-03-01 | p. 51-63 | 0297-2964
856 4 1 _uhttps://stm.cairn.info/revue-recherche-en-soins-infirmiers-2007-1-page-51?lang=fr&redirect-ssocas=7080
999 _c1578457
_d1578457